| 000 | 00613nam a2200205Ia 4500 | ||
|---|---|---|---|
| 003 | GCL | ||
| 008 | 140319s9999 xx 000 0 ara d | ||
| 040 |
_aGCL / _cGCL |
||
| 082 | 0 | 4 |
_a214 _bف ا |
| 100 | 1 | _aفهمى هويدى | |
| 245 | 1 | 0 |
_aازمة الوعى الدينى / _cفهمى هويدى |
| 260 |
_a[S.N] : _bدار الحكمة اليمنية ، _c1988 |
||
| 300 | _a364 ص | ||
| 490 | _a | ||
| 650 | 0 | 4 | _aالاسلام |
| 650 | 0 | 4 | _aالاداب الاسلامية |
| 650 | 0 | 4 | _aالثقافة الاسلامية |
| 650 | 0 | 4 | _aالتعليم الدينى الاسلامى |
| 942 |
_2ddc _cBK |
||
| 999 |
_c35657 _d35657 |
||